[Event "Bad Woerishofen op"]
[Site "?"]
[Date "2000.??.??"]
[Round "6"]
[White "Lerner, Konstantin"]
[Black "Bunzmann, Dimitri"]
[Result "1-0"]
[WhiteElo "2575"]
[BlackElo "2502"]
[PlyCount "103"]
[EventDate "2000.??.??"]

1. d4 e6 2. c4 b6 3. a3 Bb7 4. Nc3 f5 5. d5 Nf6 6. g3 Bd6 7. Bg2 Be5 8. Bd2 O-O
9. Nh3 Na6 10. O-O Nc5 11. Rc1 Qe8 12. Bf4 Bxc3 13. Rxc3 Nce4 14. Rc2 e5 15.
Bc1 c5 16. b3 h6 17. f3 Nd6 18. Nf2 Nh5 19. e3 Nf6 20. Bb2 a5 21. a4 Nf7 22.
Bh3 Ng5 23. Bg2 d6 24. f4 exf4 25. exf4 Nge4 26. Nxe4 Nxe4 27. Re1 Qg6 28. Bf3
Bc8 29. Rg2 Nf6 30. Re7 Rf7 31. Re6 Bxe6 32. dxe6 Rfa7 33. Bxa8 Rxa8 34. Qxd6
Ne4 35. Qd5 Re8 36. g4 Qxe6 37. gxf5 Qxd5 38. Rxg7+ Kf8 39. cxd5 Rd8 40. Rb7
Rxd5 41. Bg7+ Kg8 42. Be5 Nd2 43. Kg2 c4 44. bxc4 Nxc4 45. Kf3 Rc5 46. Ke4 Nd2+
47. Ke3 Nf1+ 48. Kd4 Nxh2 49. f6 Nf3+ 50. Ke4 Nd2+ 51. Kf5 Nc4 52. Kg6 1-0

[Event "Bad Woerishofen op"]
[Site "?"]
[Date "2000.??.??"]
[Round "8"]
[White "Lerner, Konstantin"]
[Black "Kalinitschew, Sergey"]
[Result "1-0"]
[WhiteElo "2575"]
[BlackElo "2504"]
[PlyCount "103"]
[EventDate "2000.??.??"]

1. d4 e6 2. Nf3 c5 3. e3 b6 4. Bd3 Nf6 5. O-O Bb7 6. c4 g6 7. Nc3 Bg7 8. e4
cxd4 9. Nxd4 O-O 10. Bg5 h6 11. Bh4 d6 12. Qe2 Nbd7 13. Rad1 a6 14. f4 e5 15.
fxe5 dxe5 16. Nc2 Qc7 17. Ne3 Rae8 18. b4 Qb8 19. Bc2 Bc6 20. Ncd5 Re6 21. Rf3
Rfe8 22. Qf1 Nh5 23. Rxf7 Nf4 24. Re7 Nf8 25. Rxe8 Bxe8 26. g3 Nh5 27. Be7 Nh7
28. c5 Qb7 29. Bd6 bxc5 30. bxc5 Bb5 31. Qg2 Ng5 32. a4 Bc6 33. Rb1 Qd7 34. Nc4
Kh7 35. Rf1 Bxa4 36. Ndb6 Bxc2 37. Nxd7 Bxe4 38. c6 Bxg2 39. Kxg2 Re8 40. c7
Ne6 41. Ndb6 Nxc7 42. Bxc7 e4 43. Nd5 Re6 44. Bd8 Bd4 45. g4 Ng7 46. Rd1 Bc5
47. Nf6+ Kh8 48. Rd5 e3 49. Ne5 Ne8 50. Nxg6+ Kg7 51. Nf4 Rc6 52. Rd7+ 1-0

[Event "Bad Woerishofen op"]
[Site "Bad Woerishofen"]
[Date "2000.??.??"]
[Round "1"]
[White "Levin, Felix"]
[Black "Hoennekes, Klaus"]
[Result "1-0"]
[WhiteElo "2526"]
[BlackElo "2092"]
[PlyCount "67"]
[EventDate "1998.03.05"]
[Source "ChessBase"]
[SourceDate "1998.04.29"]

1. d4 g6 2. c4 f5 3. Nc3 Nf6 4. g3 Bg7 5. Bg2 d6 6. d5 c5 7. Nh3 Na6 8. Nf4 Nc7
9. h4 Ng4 10. Qc2 Ne5 11. b3 Rb8 12. a4 a6 13. a5 O-O 14. Bb2 Bd7 15. Na4 Bxa4
16. Rxa4 b5 17. axb6 Rxb6 18. Bc3 Qb8 19. Ra3 Bh6 20. e3 Nd7 21. O-O Rb7 22.
Ne6 Rc8 23. e4 fxe4 24. Bxe4 Nxe6 25. dxe6 Nf8 26. Ba1 Bg7 27. Bxg7 Kxg7 28.
Qc3+ Kg8 29. h5 gxh5 30. Qf3 Ra7 31. Rd1 Qb4 32. Ra4 Qb8 33. Qf7+ Kh8 34. Rd5
1-0

[Event "Bad Woerishofen op"]
[Site "?"]
[Date "2000.??.??"]
[Round "3"]
[White "Levin, Felix"]
[Black "Paehtz, Elisabeth"]
[Result "1-0"]
[WhiteElo "2526"]
[BlackElo "2306"]
[PlyCount "65"]
[EventDate "2000.??.??"]

1. d4 Nf6 2. c4 g6 3. Nc3 Bg7 4. e4 d6 5. Be2 O-O 6. Bg5 Na6 7. Nf3 h6 8. Bh4
c6 9. O-O Qe8 10. e5 dxe5 11. Nxe5 Nd7 12. f4 c5 13. Nd5 Nf6 14. dxc5 Nxd5 15.
Qxd5 e6 16. Qd6 f6 17. Nf3 Rf7 18. Qd3 Rc7 19. Qc2 Nxc5 20. b4 Nd7 21. Bd3 Nf8
22. Rae1 Re7 23. Bf2 b6 24. c5 Rb8 25. c6 g5 26. fxg5 hxg5 27. Nd4 f5 28. Bc4
Kh8 29. b5 Ng6 30. Qb3 e5 31. Qh3+ Nh4 32. Bxh4 f4 33. g4 1-0

[Event "Bad Woerishofen op"]
[Site "?"]
[Date "2000.??.??"]
[Round "5"]
[White "Levin, Felix"]
[Black "Hartoch, Robert"]
[Result "1/2-1/2"]
[WhiteElo "2526"]
[BlackElo "2318"]
[PlyCount "80"]
[EventDate "2000.??.??"]

1. d4 g6 2. e4 Bg7 3. Nf3 d6 4. Nc3 c6 5. Be3 Nd7 6. Qd2 Ngf6 7. Bh6 O-O 8.
Bxg7 Kxg7 9. e5 Nd5 10. h4 Nxc3 11. Qxc3 h5 12. e6 Nf6 13. exf7 Nd5 14. Qd2
Rxf7 15. Ng5 Rf6 16. O-O-O Bf5 17. f3 Qb6 18. a3 e5 19. Bc4 exd4 20. Bxd5 cxd5
21. Qxd4 Rc8 22. Qxb6 Rxc2+ 23. Kb1 Rxg2+ 24. Ka2 axb6 25. Rhe1 Rxg5 26. hxg5
Re6 27. Rxe6 Bxe6 28. Rd4 Kf7 29. Kb1 Bf5+ 30. Kc1 Ke6 31. Kd2 Ke5 32. Ke3 Bd7
33. a4 Bc6 34. Rf4 d4+ 35. Rxd4 Bxf3 36. Rb4 Bg2 37. Rxb6 h4 38. Kf2 Be4 39. a5
Kf4 40. Rb3 Kxg5 1/2-1/2

[Event "Bad Woerishofen op"]
[Site "?"]
[Date "2000.??.??"]
[Round "7"]
[White "Levin, Felix"]
[Black "Petrosjan, Suren"]
[Result "1/2-1/2"]
[WhiteElo "2526"]
[BlackElo "2366"]
[PlyCount "75"]
[EventDate "2000.??.??"]

1. d4 Nf6 2. c4 c5 3. d5 b5 4. cxb5 a6 5. bxa6 g6 6. Nc3 Bxa6 7. g3 d6 8. Bg2
Bg7 9. Nf3 O-O 10. O-O Nbd7 11. Rb1 Nb6 12. b3 Bb7 13. Nh4 Qd7 14. Qd2 Ne8 15.
Bb2 Nc7 16. Rfd1 Bxc3 17. Qxc3 f6 18. Qc2 Ncxd5 19. a3 Rf7 20. b4 cxb4 21. axb4
Qa4 22. Qxa4 Rxa4 23. Bd4 Nd7 24. Ba1 N7b6 25. b5 Rf8 26. Rbc1 Rc8 27. e4 Nb4
28. Rxc8+ Bxc8 29. Bd4 Nc4 30. Bf1 Nc2 31. Bc3 N2a3 32. Ra1 Nb6 33. Bb2 Nxb5
34. Bxf6 exf6 35. Rxa4 Nxa4 36. Bxb5 Nc3 37. Bc4+ Kg7 38. f3 1/2-1/2

[Event "Bad Woerishofen op"]
[Site "?"]
[Date "2000.??.??"]
[Round "9"]
[White "Levin, Felix"]
[Black "Kostic, Vladimir"]
[Result "1-0"]
[WhiteElo "2526"]
[BlackElo "2389"]
[PlyCount "69"]
[EventDate "2000.??.??"]

1. d4 Nf6 2. c4 e6 3. Nc3 Bb4 4. Qc2 O-O 5. a3 Bxc3+ 6. Qxc3 b6 7. Bg5 c5 8.
dxc5 bxc5 9. e3 Bb7 10. f3 Nc6 11. Nh3 d6 12. O-O-O Ne5 13. Be2 Ng6 14. Bxf6
gxf6 15. Nf2 Qe7 16. h4 Ne5 17. f4 Nd7 18. Rhg1 Rfd8 19. g4 d5 20. f5 d4 21.
exd4 exf5 22. gxf5+ Kh8 23. dxc5 Ne5 24. Rxd8+ Rxd8 25. Qg3 Qf8 26. Ng4 Nxg4
27. Qxg4 Re8 28. Bd3 a5 29. b4 axb4 30. axb4 Rd8 31. Kc2 Ra8 32. Qd4 Qh6 33. b5
Bg2 34. Kb3 Rg8 35. c6 1-0

[Event "Bad Woerishofen op"]
[Site "Bad Woerishofen"]
[Date "2000.??.??"]
[Round "2"]
[White "Lieb, Harald"]
[Black "Bruns, Michael"]
[Result "1-0"]
[WhiteElo "2252"]
[BlackElo "2105"]
[PlyCount "131"]
[EventDate "1998.03.05"]
[Source "ChessBase"]
[SourceDate "1998.04.29"]

1. Nf3 Nf6 2. c4 g6 3. Nc3 d5 4. cxd5 Nxd5 5. g3 Bg7 6. Bg2 O-O 7. O-O c5 8.
Ng5 e6 9. Nge4 b6 10. d3 Bb7 11. Bg5 f6 12. Bd2 Nc6 13. a3 Qd7 14. Nxd5 exd5
15. Nc3 Ne5 16. Bf4 Rac8 17. Rc1 Nf7 18. b4 cxb4 19. axb4 f5 20. Qb3 Bxc3 21.
Rxc3 Rxc3 22. Qxc3 d4 23. Qb3 Bxg2 24. Kxg2 Rc8 25. Kg1 Kg7 26. h4 h6 27. Rc1
Rxc1+ 28. Bxc1 a5 29. bxa5 bxa5 30. Bb2 Nd8 31. e3 Kh7 32. Bxd4 a4 33. Qa3 Ne6
34. Bb2 g5 35. Qc3 gxh4 36. Qh8+ Kg6 37. Qf6+ Kh7 38. Qxf5+ Kg8 39. Qg4+ Kf7
40. Qh5+ Kg8 41. Qxh4 Qxd3 42. Qxh6 Qb1+ 43. Kg2 Qe4+ 44. Kh2 Qf5 45. Qh8+ Kf7
46. f4 Qg4 47. Qh7+ Ke8 48. Qd3 Qh5+ 49. Kg2 Nc5 50. Qb5+ Kd8 51. Bf6+ Kc7 52.
Be5+ Kd8 53. Bd4 Qd5+ 54. Kg1 Qf3 55. Bf6+ Kc8 56. Qxc5+ Kb7 57. Kh2 Qf2+ 58.
Kh3 Qf1+ 59. Kh4 Qf3 60. g4 Qf2+ 61. Kg5 Qa2 62. Qb5+ Kc7 63. Be5+ Kd8 64. Qb8+
Kd7 65. Qc7+ Ke8 66. Kf6 1-0

[Event "Bad Woerishofen op"]
[Site "?"]
[Date "2000.??.??"]
[Round "4"]
[White "Lieb, Harald"]
[Black "van Hoolandt, Patrick"]
[Result "1-0"]
[WhiteElo "2252"]
[BlackElo "2098"]
[PlyCount "115"]
[EventDate "2000.??.??"]

1. d4 Nf6 2. c4 e6 3. g3 Bb4+ 4. Bd2 Qe7 5. Bg2 Nc6 6. Nf3 Bxd2+ 7. Qxd2 Ne4 8.
Qc2 Qb4+ 9. Kf1 d5 10. Na3 a6 11. Rd1 O-O 12. e3 b5 13. Ne1 bxc4 14. Bxe4 dxe4
15. Nxc4 Qb5 16. Kg2 Nb4 17. Qb3 Bb7 18. a4 Qh5 19. Qxb4 Qxd1 20. Qxb7 Qxa4 21.
b3 Qb5 22. Qxe4 Qxb3 23. Na5 Qd5 24. Qxd5 exd5 25. Nd3 Rfb8 26. Ra1 Kf8 27. Kf3
Ke8 28. Ke2 Rb6 29. Kd2 g5 30. Kc2 Rh6 31. Rh1 Rb8 32. h3 Rb5 33. Nb3 Rhb6 34.
Nbc5 a5 35. h4 Rh6 36. h5 f5 37. Na4 Rc6+ 38. Nc3 Rb4 39. Ra1 a4 40. Kd2 Rbc4
41. Nxd5 h6 42. Ra2 Rd6 43. Ne5 Rxd4+ 44. exd4 Rxd5 45. Rxa4 c5 46. Kd3 cxd4
47. Ra8+ Ke7 48. Nc6+ Kf6 49. Nxd4 g4 50. Ra6+ Kg5 51. Kc4 Re5 52. Ne6+ Kf6 53.
Nf4+ Kg7 54. Rg6+ Kh7 55. Re6 Ra5 56. Re7+ Kg8 57. Kd4 Kf8 58. Re5 1-0

[Event "Bad Woerishofen op"]
[Site "?"]
[Date "2000.??.??"]
[Round "5"]
[White "Lieb, Harald"]
[Black "Epishin, Vladimir"]
[Result "1/2-1/2"]
[WhiteElo "2252"]
[BlackElo "2667"]
[PlyCount "77"]
[EventDate "2000.??.??"]

1. Nf3 g6 2. d4 Nf6 3. c4 Bg7 4. Nc3 d5 5. Bg5 dxc4 6. e3 Be6 7. Nd2 c5 8. dxc5
Nd5 9. Bxc4 Nxc3 10. bxc3 Bxc4 11. Nxc4 Bxc3+ 12. Ke2 Qc8 13. Bxe7 Qg4+ 14. Kd3
Qxd1+ 15. Raxd1 Kxe7 16. Kxc3 Rc8 17. Rd5 Nd7 18. Kb4 b6 19. cxb6 Rxc4+ 20.
Kxc4 Nxb6+ 21. Kd4 Nxd5 22. Kxd5 Rd8+ 23. Ke4 Rd2 24. Kf3 Rxa2 25. h4 a5 26.
Rb1 a4 27. Rb7+ Ke6 28. Rb6+ Ke5 29. Rb5+ Kd6 30. Rb7 Ke6 31. Rb6+ Ke5 32. Rb5+
Kf6 33. Rb6+ Kg7 34. Ra6 a3 35. e4 Ra1 36. Kf4 Ra2 37. Kf3 Ra1 38. Kf4 Ra2 39.
Kf3 1/2-1/2

[Event "Bad Woerishofen op"]
[Site "?"]
[Date "2000.??.??"]
[Round "7"]
[White "Lieb, Harald"]
[Black "Woerl, Richard"]
[Result "0-1"]
[WhiteElo "2252"]
[BlackElo "2120"]
[PlyCount "98"]
[EventDate "2000.??.??"]

1. Nf3 d5 2. d4 e6 3. c4 c6 4. g3 Bd6 5. Bg2 Nd7 6. Nbd2 f5 7. O-O Ngf6 8. Qc2
O-O 9. b3 Ne4 10. Bb2 Qf6 11. Rac1 Rf7 12. Ne1 Nxd2 13. Qxd2 f4 14. gxf4 Qh6
15. e3 Rxf4 16. h3 Rg4 17. f4 Qxh3 18. Rf3 Qh5 19. Kf1 Nf6 20. Rh3 Rh4 21. Rxh4
Qxh4 22. Nf3 Qg3 23. Qf2 Qg6 24. Ne5 Bxe5 25. dxe5 Ng4 26. Qd2 Bd7 27. Bf3 Rf8
28. Qe2 Nh6 29. Kf2 Rf5 30. Rh1 Be8 31. Rg1 Qf7 32. cxd5 cxd5 33. Qc2 Bc6 34.
Qc5 a6 35. Ba3 Kh8 36. Qd6 d4 37. Qd8+ Ng8 38. Qxd4 Bxf3 39. Kxf3 Qh5+ 40. Kf2
Qh4+ 41. Rg3 Nh6 42. Qd1 Rh5 43. Qf3 Nf5 44. e4 Qxg3+ 45. Qxg3 Nxg3 46. Kxg3
Kg8 47. Bd6 Rh1 48. a4 a5 49. b4 Ra1 0-1

[Event "Bad Woerishofen op"]
[Site "?"]
[Date "2000.??.??"]
[Round "9"]
[White "Lieb, Harald"]
[Black "Semmler, Guenther"]
[Result "1-0"]
[WhiteElo "2252"]
[BlackElo "2130"]
[PlyCount "101"]
[EventDate "2000.??.??"]

1. Nf3 f5 2. d4 Nf6 3. g3 g6 4. Bg2 Bg7 5. O-O O-O 6. c4 d6 7. Nc3 Na6 8. e4
fxe4 9. Ng5 c6 10. Ngxe4 Nc7 11. Bf4 Nxe4 12. Nxe4 Bf5 13. Qd2 Ne6 14. Be3 Rb8
15. Nc3 Kh8 16. d5 cxd5 17. cxd5 Nc5 18. Bd4 a6 19. Bxg7+ Kxg7 20. g4 Bd3 21.
Rfe1 a5 22. Re3 Ba6 23. Rh3 Rf7 24. Be4 Qd7 25. f3 Rh8 26. Qh6+ Kg8 27. Bxg6
Rg7 28. Bf5 Qxf5 29. Qxg7+ Kxg7 30. gxf5 h5 31. Re1 Kf7 32. Rg3 Nd3 33. Re2 h4
34. Rg4 Ne5 35. Rxe5 dxe5 36. Rg6 Rh5 37. d6 exd6 38. Rxd6 Rxf5 39. Kf2 Rf4 40.
Ne4 a4 41. a3 Bb5 42. Rd5 Bc6 43. Rxe5 Kg7 44. Ke3 Rf8 45. Rh5 Rd8 46. Rxh4 Rd1
47. Rg4+ Kf7 48. Rg2 Bb5 49. Rd2 Re1+ 50. Kf2 Rf1+ 51. Kg2 1-0

[Event "Bad Woerishofen op"]
[Site "Bad Woerishofen"]
[Date "2000.??.??"]
[Round "1"]
[White "Liedtke, Dirk"]
[Black "Fleck, Ronald"]
[Result "1-0"]
[WhiteElo "2168"]
[BlackElo "1733"]
[PlyCount "45"]
[EventDate "1998.03.05"]
[Source "ChessBase"]
[SourceDate "1998.04.29"]

1. c4 Nf6 2. g3 g6 3. Bg2 Bg7 4. Nc3 c6 5. e4 d6 6. Nge2 O-O 7. O-O e5 8. d3 h6
9. h3 Nh7 10. Be3 Ng5 11. Kh2 Qd7 12. Ng1 f5 13. f4 Ne6 14. exf5 gxf5 15. Nf3
Qf7 16. Nh4 Nd4 17. Ne2 Na6 18. fxe5 dxe5 19. Nxd4 exd4 20. Bf4 Re8 21. Bf3 Qf6
22. Bh5 Re3 23. Qd2 1-0

[Event "Bad Woerishofen op"]
[Site "?"]
[Date "2000.??.??"]
[Round "3"]
[White "Liedtke, Dirk"]
[Black "Espig, Lutz"]
[Result "1/2-1/2"]
[WhiteElo "2168"]
[BlackElo "2402"]
[PlyCount "87"]
[EventDate "2000.??.??"]

1. c4 c5 2. Nc3 g6 3. g3 Bg7 4. Bg2 Nc6 5. e4 e6 6. d3 Nge7 7. Nge2 d6 8. O-O
O-O 9. Rb1 b6 10. Be3 Nd4 11. Qd2 Bb7 12. Bh6 Qd7 13. Nxd4 cxd4 14. Bxg7 Kxg7
15. Ne2 e5 16. f3 f5 17. Bh3 Rf7 18. b4 Raf8 19. Nc1 Qc7 20. Nb3 Bc8 21. Bg2
Be6 22. Rbc1 Ng8 23. c5 fxe4 24. fxe4 Rxf1+ 25. Bxf1 dxc5 26. bxc5 b5 27. Bg2
Ne7 28. Qb4 a6 29. Nxd4 exd4 30. Qxd4+ Kg8 31. Qd6 Qxd6 32. cxd6 Rc8 33. Rd1
Nc6 34. d4 Bxa2 35. e5 Nb4 36. d5 Rd8 37. Kf2 Bxd5 38. Bxd5+ Nxd5 39. Rxd5 Kf7
40. Ke3 b4 41. Kd3 Ke6 42. Ra5 Rc8 43. Rxa6 Kxe5 44. Rb6 1/2-1/2

[Event "Bad Woerishofen op"]
[Site "?"]
[Date "2000.??.??"]
[Round "5"]
[White "Liedtke, Dirk"]
[Black "Kugelmann, Joachim"]
[Result "1-0"]
[WhiteElo "2168"]
[BlackElo "2001"]
[PlyCount "75"]
[EventDate "2000.??.??"]

1. c4 Nf6 2. g3 e5 3. Bg2 Nc6 4. Nc3 Be7 5. e3 d6 6. d3 O-O 7. Nge2 Be6 8. Nd5
Bxd5 9. cxd5 Nb4 10. Nc3 c6 11. dxc6 bxc6 12. O-O Rb8 13. d4 Qb6 14. Qa4 d5 15.
dxe5 Nd7 16. Ne2 Nxe5 17. Bd2 Nc4 18. Bc3 Nd3 19. Nd4 Rfc8 20. Qc2 Nc5 21. Nf5
Bf8 22. b3 Nd6 23. Bd4 Nxf5 24. Qxf5 Qd8 25. Rac1 Ne6 26. Be5 Bd6 27. Ba1 Qg5
28. Qf3 Be5 29. h4 Qf6 30. Bxe5 Qxe5 31. Rc2 d4 32. Bh3 dxe3 33. fxe3 f6 34.
Rc4 Re8 35. Re4 Qd6 36. Rd1 Qc5 37. Bxe6+ Rxe6 38. Rxe6 1-0

[Event "Bad Woerishofen op"]
[Site "?"]
[Date "2000.??.??"]
[Round "7"]
[White "Liedtke, Dirk"]
[Black "Hartoch, Robert"]
[Result "0-1"]
[WhiteElo "2168"]
[BlackElo "2318"]
[PlyCount "76"]
[EventDate "2000.??.??"]

1. c4 e5 2. g3 d6 3. Bg2 g6 4. Nc3 Bg7 5. e4 Nc6 6. d3 Be6 7. Rb1 Qd7 8. h4 h5
9. b4 Nh6 10. Nh3 f6 11. Nd5 O-O 12. f3 Nd8 13. Nf2 c6 14. Ne3 f5 15. Nh3 f4
16. Nf1 Bxh3 17. Bxh3 Qe7 18. Qe2 Ne6 19. Bxe6+ Qxe6 20. gxf4 exf4 21. Bb2 Bxb2
22. Qxb2 Nf7 23. Nd2 Ne5 24. Qc2 b5 25. cxb5 cxb5 26. Qb3 Qxb3 27. Rxb3 Rfc8
28. Ke2 Nc6 29. Rb2 Nd4+ 30. Kf2 Rc3 31. Rg1 Kf7 32. Rg5 Rxd3 33. Rd5 Rc8 34.
Kg2 Rcc3 35. Nb1 Rc1 36. Rxd6 Nxf3 37. Rxd3 Ne1+ 38. Kh3 Nxd3 0-1

[Event "Bad Woerishofen op"]
[Site "Bad Woerishofen"]
[Date "2000.??.??"]
[Round "1"]
[White "Lindenmair, Anton"]
[Black "Muenchhalfen, Harald"]
[Result "1-0"]
[WhiteElo "2108"]
[BlackElo "1480"]
[PlyCount "33"]
[EventDate "1998.03.05"]
[Source "ChessBase"]
[SourceDate "1998.04.29"]

1. d4 e6 2. g3 f5 3. Bg2 Nf6 4. Nh3 d5 5. O-O c6 6. c4 Be7 7. Qc2 O-O 8. b3 b6
9. Bb2 Nbd7 10. cxd5 cxd5 11. Qc6 Rb8 12. Qxe6+ Kh8 13. Nf4 Nc5 14. Qe3 Nce4
15. f3 Nd6 16. Nc3 Bb7 17. Ne6 1-0

[Event "Bad Woerishofen op"]
[Site "?"]
[Date "2000.??.??"]
[Round "3"]
[White "Lindenmair, Anton"]
[Black "Theuermeister, Peter"]
[Result "1-0"]
[WhiteElo "2108"]
[BlackElo "1752"]
[PlyCount "120"]
[EventDate "2000.??.??"]

1. d4 Nf6 2. Nf3 g6 3. c4 d5 4. Nc3 Bg7 5. Bg5 c6 6. e3 Bg4 7. Bxf6 Bxf6 8.
cxd5 cxd5 9. Qb3 Be6 10. Qxb7 Nd7 11. Bb5 O-O 12. O-O Nb6 13. Qa6 Qd6 14. Be2
Qb4 15. Qb5 Qd6 16. Qd3 Nc4 17. b3 Bf5 18. Qd1 Nb6 19. Bd3 Bd7 20. Qd2 Rfc8 21.
Rfc1 Rc7 22. Nb5 Rxc1+ 23. Rxc1 Bxb5 24. Bxb5 Rc8 25. Rxc8+ Nxc8 26. Qa5 Qb6
27. Qxb6 axb6 28. Kf1 e6 29. Ke2 Nd6 30. Bd3 Kf8 31. Kd2 Ke7 32. Kc3 Kd8 33.
Ne5 Kc7 34. f3 Bg5 35. e4 f6 36. Ng4 f5 37. exf5 exf5 38. Nf2 Bf6 39. a4 Nc8
40. Nh3 Na7 41. Nf4 Kd6 42. Ne2 Nc6 43. Bb5 Na7 44. Ba6 Nc6 45. b4 Bg7 46. Bb7
Bh6 47. Bxc6 Kxc6 48. Kd3 Bf8 49. Kc3 Bh6 50. g3 Bf8 51. Nf4 Be7 52. a5 bxa5
53. bxa5 Bd6 54. Ne6 Kb5 55. Nc5 Bxc5 56. dxc5 Kxc5 57. f4 Kb5 58. Kd4 Kxa5 59.
Kxd5 Kb5 60. Ke5 Kc5 1-0

[Event "Bad Woerishofen op"]
[Site "?"]
[Date "2000.??.??"]
[Round "5"]
[White "Lindenmair, Anton"]
[Black "Pruess, Martin"]
[Result "1-0"]
[WhiteElo "2108"]
[BlackElo "1870"]
[PlyCount "45"]
[EventDate "2000.??.??"]

1. d4 d6 2. Nf3 g6 3. c4 Bg7 4. Nc3 Nc6 5. e4 e5 6. Be3 exd4 7. Nxd4 Nf6 8. Be2
O-O 9. O-O Re8 10. f3 h5 11. Qd2 Kh7 12. Rad1 Nxd4 13. Bxd4 Bh6 14. Qc2 c6 15.
Kh1 Be6 16. e5 dxe5 17. Bxe5 Nd7 18. Ne4 Bf5 19. Rxd7 Bxe4 20. Qd1 Bc2 21. Rxd8
Bxd1 22. Rxa8 Bxe2 23. Rxe8 1-0

[Event "Bad Woerishofen op"]
[Site "?"]
[Date "2000.??.??"]
[Round "7"]
[White "Lindenmair, Anton"]
[Black "Schneider, Richard"]
[Result "1/2-1/2"]
[WhiteElo "2108"]
[BlackElo "2201"]
[PlyCount "136"]
[EventDate "2000.??.??"]

1. d4 Nf6 2. c4 e6 3. g3 c5 4. Nf3 cxd4 5. Qxd4 Nc6 6. Qf4 Bb4+ 7. Bd2 d5 8.
Bg2 O-O 9. O-O Qe7 10. Qh4 Bxd2 11. Nbxd2 Bd7 12. e4 Nxe4 13. Nxe4 Qxh4 14.
Nxh4 dxe4 15. Bxe4 Ne5 16. Rad1 Rad8 17. b3 Bc6 18. Bxc6 Nxc6 19. f4 a6 20. Nf3
f6 21. Rfe1 Kf7 22. a3 Na5 23. Nd2 Rd3 24. b4 Nc6 25. Ne4 Rfd8 26. Rxd3 Rxd3
27. Nc5 Rxa3 28. Nxb7 Nxb4 29. Nd8+ Kg6 30. Nxe6 Rc3 31. c5 a5 32. g4 f5 33.
gxf5+ Kxf5 34. Nxg7+ Kxf4 35. Ne6+ Kf5 36. Nd4+ Kg4 37. Re4+ Kh5 38. Ne2 Rc2
39. Ng3+ Kg6 40. Re6+ Kf7 41. Rh6 Kg8 42. Ne4 a4 43. Rd6 a3 44. Rd7 Kf8 45. Nf6
Nd5 46. Nxd5 a2 47. Ra7 Rc1+ 48. Kf2 a1=Q 49. Rxa1 Rxa1 50. c6 Rc1 51. c7 Kf7
52. Ke3 Ke6 53. Kd4 h6 54. Nc3 Kd7 55. Nb5 Rh1 56. Ke4 Rxh2 57. Nd6 Kxc7 58.
Nf5 Kd7 59. Kf4 Ke6 60. Kg3 Rh1 61. Kg2 Ra1 62. Nxh6 Ra3 63. Ng4 Kf5 64. Nh2
Kf4 65. Nf1 Ra2+ 66. Kg1 Ra1 67. Kf2 Ra2+ 68. Kg1 Kf3 1/2-1/2

[Event "Bad Woerishofen op"]
[Site "?"]
[Date "2000.??.??"]
[Round "9"]
[White "Lindenmair, Anton"]
[Black "Okrajek, Alexander"]
[Result "1/2-1/2"]
[WhiteElo "2108"]
[BlackElo "2289"]
[PlyCount "47"]
[EventDate "2000.??.??"]

1. d4 Nf6 2. c4 e6 3. g3 c5 4. Nf3 cxd4 5. Nxd4 Nc6 6. Bg2 a6 7. O-O Qc7 8. Nc3
Be7 9. b3 O-O 10. Bb2 d6 11. Rc1 Bd7 12. Nd5 Nxd5 13. cxd5 exd5 14. Bxd5 Qb6
15. Bg2 Rfe8 16. Qd2 Bf6 17. Rfd1 Ne5 18. Nf3 Bg4 19. Bd4 Qb5 20. Be3 Rad8 21.
Nd4 Qd7 22. Bg5 Bxg5 23. Qxg5 h6 24. Qd2 1/2-1/2

[Event "Bad Woerishofen op"]
[Site "Bad Woerishofen"]
[Date "2000.??.??"]
[Round "1"]
[White "Lipinski, Fabian"]
[Black "Santner, Thomas"]
[Result "1/2-1/2"]
[WhiteElo "2313"]
[BlackElo "1939"]
[PlyCount "64"]
[EventDate "1998.03.05"]
[Source "ChessBase"]
[SourceDate "1998.04.29"]

1. d4 Nf6 2. c4 g6 3. Nf3 Bg7 4. Nc3 O-O 5. e4 d6 6. Be2 e5 7. O-O Nc6 8. d5
Ne7 9. Ne1 Nd7 10. Be3 f5 11. f3 Nf6 12. c5 f4 13. Bf2 g5 14. cxd6 cxd6 15. Rc1
Ne8 16. Nb5 Bd7 17. Nxa7 Qa5 18. b4 Qa3 19. Nb5 Qxb4 20. Nxd6 Ba4 21. Bc5 Bxd1
22. Bxb4 Bxe2 23. Rf2 Ba6 24. Nxb7 Bxb7 25. Bxe7 Rf7 26. Bxg5 Ba6 27. g3 Nd6
28. gxf4 exf4 29. Rg2 Kh8 30. Rg4 Bd4+ 31. Kh1 Nxe4 32. fxe4 f3 1/2-1/2

[Event "Bad Woerishofen op"]
[Site "?"]
[Date "2000.??.??"]
[Round "3"]
[White "Lipinski, Fabian"]
[Black "Senk, Christian"]
[Result "1/2-1/2"]
[WhiteElo "2313"]
[BlackElo "2151"]
[PlyCount "120"]
[EventDate "2000.??.??"]

1. d4 d5 2. Nf3 Nf6 3. c4 dxc4 4. e3 e6 5. Bxc4 a6 6. O-O c5 7. e4 cxd4 8. e5
Nfd7 9. Qxd4 Nc6 10. Qf4 Be7 11. Qg3 g6 12. Bh6 Qa5 13. Bb3 Bf8 14. Bxf8 Kxf8
15. Re1 Ndxe5 16. Rxe5 Nxe5 17. Qxe5 Qxe5 18. Nxe5 Ke7 19. Nc3 Bd7 20. Re1 Rac8
21. Ne4 Rhd8 22. Ng5 f6 23. Nxd7 fxg5 24. Ne5 Rd6 25. h3 Rc7 26. Nc4 Rdc6 27.
Re4 b5 28. Nd2 Kf6 29. Nf3 h6 30. Kh2 Rd6 31. Nd4 e5 32. Nf3 Rc5 33. Re2 Rd8
34. Nd2 Kg7 35. Ne4 Rc6 36. Nc3 Rc5 37. Ne4 Rc6 38. f3 Rd4 39. Nf2 Rc5 40. Ng4
Rd8 41. Nxe5 Re8 42. Nd3 Rxe2 43. Nxc5 a5 44. a4 bxa4 45. Nxa4 Kf6 46. Bc4 Re7
47. Kg3 Ke5 48. Bd3 Kf6 49. Be4 Rc7 50. Nb6 Kg7 51. Kf2 Rc5 52. Ke3 Rc1 53. Nd5
Ra1 54. Nc3 a4 55. Bd5 a3 56. b4 Kf6 57. Kd4 Ke7 58. b5 Kd7 59. b6 Rc1 60. Be4
Kc8 1/2-1/2

[Event "Bad Woerishofen op"]
[Site "?"]
[Date "2000.??.??"]
[Round "5"]
[White "Lipinski, Fabian"]
[Black "Goy, Udo"]
[Result "1-0"]
[WhiteElo "2313"]
[BlackElo "2151"]
[PlyCount "139"]
[EventDate "2000.??.??"]

1. d4 Nf6 2. Nf3 g6 3. c4 c5 4. d5 b5 5. cxb5 d6 6. Nc3 Bg7 7. e4 O-O 8. h3 a6
9. a4 axb5 10. Bxb5 Ba6 11. Bd2 Nbd7 12. O-O Bxb5 13. axb5 Nb6 14. Qe2 Nfd7 15.
Bg5 h6 16. Bh4 Re8 17. Nd2 Qc7 18. f4 Rxa1 19. Rxa1 e6 20. dxe6 Rxe6 21. Qf1 c4
22. Bf2 Re8 23. Nd5 Nxd5 24. exd5 Nb6 25. Ra6 Rb8 26. Bxb6 Rxb6 27. Qxc4 Qxc4
28. Nxc4 Rxb5 29. Rxd6 Bxb2 30. Kf1 Bc1 31. g3 h5 32. h4 Rc5 33. Ne5 Bb2 34.
Nd3 Rb5 35. Rc6 Ba3 36. Ne5 Rxd5 37. Rc7 Rc5 38. Rd7 Rc3 39. Kg2 Rc2+ 40. Kh3
Bc5 41. Rc7 Rc1 42. Nxf7 Rh1+ 43. Kg2 Rg1+ 44. Kf3 Rf1+ 45. Ke2 Rf2+ 46. Ke1
Rc2 47. Kd1 Rg2 48. Nh6+ Kf8 49. Rxc5 Kg7 50. Nf5+ gxf5 51. Rxf5 Kg6 52. Re5
Kh6 53. Rg5 Ra2 54. Ke1 Rb2 55. Re5 Rg2 56. Re3 Kg6 57. Kf1 Ra2 58. Re2 Ra1+
59. Kf2 Ra3 60. Re3 Ra1 61. Re6+ Kf5 62. Re5+ Kg6 63. Re1 Ra2+ 64. Kf3 Ra4 65.
Re6+ Kf5 66. Rh6 Ra3+ 67. Kg2 Ra2+ 68. Kh3 Ke4 69. Rxh5 Kf3 70. Rb5 1-0

[Event "Bad Woerishofen op"]
[Site "?"]
[Date "2000.??.??"]
[Round "9"]
[White "Lipinski, Fabian"]
[Black "Enders, Peter"]
[Result "1/2-1/2"]
[WhiteElo "2313"]
[BlackElo "2478"]
[PlyCount "73"]
[EventDate "2000.??.??"]

1. d4 Nf6 2. c4 g6 3. Nf3 Bg7 4. Nc3 d5 5. Bf4 c6 6. e3 O-O 7. Rc1 Be6 8. Qb3
Qb6 9. c5 Qxb3 10. axb3 Nh5 11. Bg5 f6 12. Bh4 g5 13. Be2 Bh6 14. Bg3 Nxg3 15.
hxg3 Bg7 16. b4 a6 17. Nd2 Nd7 18. f4 Rfe8 19. Bd3 h6 20. f5 Bf7 21. g4 e5 22.
Kf2 Kh7 23. Nb3 Rac8 24. Na4 Rc7 25. Nb6 Nb8 26. Rh3 Kg8 27. Re1 Kf8 28. Rhh1
Rce7 29. Na5 Nd7 30. Na4 Nb8 31. Nc3 Rd7 32. Na4 Rde7 33. Nb6 Rc7 34. Na8 Rce7
35. Nb6 Rc7 36. Na8 Rce7 37. Nb6 1/2-1/2